Plays by Playwright - Statistics

General Stats
  • This quiz has been taken 463 times
  • The average score is 6 of 15
Answer Stats
Hint Answer % Correct
A Streetcar Named Desire Tenneessee Williams
85%
Death of a Salesman Arthur Miller
83%
A Doll's House Henrik Ibsen
78%
Waiting for Godot Samuel Beckett
71%
The Mousetrap Agatha Christie
63%
An Ideal Husband Oscar Wilde
49%
Three Sisters Anton Chekhov
47%
Angels in America Tony Kushner
39%
No Exit Jean-Paul Sartre
35%
The Jew of Malta Christopher Marlowe
31%
The House of Bernarda Alba Federico García Lorca
21%
Topdog/Underdog Suzan-Lori Parks
14%
R.U.R. (Rossum's Universal Robots) Karel Čapek
12%
Marat/Sade Peter Weiss
9%
The Baltimore Waltz Paula Vogel
6%
No matching quizzes found
Score Distribution
Percent of People with Each Score
Percentile by Number Answered
Your Score History
You have not taken this quiz